00422 2200169 4500001002100000005001500021035002000036245003800056100001800094250001700112300003300129260002900162082001000191084001600201020002300217650001200240INLIS00000000000068520240907081926 a0010-09240000041 aPutri Ular Hijau /cDrs. Siswandi0 aDrs. Siswandi aCetakan Ke-1 aiii, 74 hlm :bIlus ;c21 cm aSolo :bCV Deriko,c2007 a398.2 a398.2 DRS p a978-979-1423-08-03 4aDongeng